Ha ha ...!

Spremljeno u:
Bibliografski detalji
Glavni autor: Ducharme, Réjean
Format: Knjiga
Jezik:Undetermined
Izdano: París, Francia Gallimard 1982
Teme:
Oznake: Dodaj oznaku
Bez oznaka, Budi prvi tko označuje ovaj zapis!

MARC

LEADER 00000nam a2200000Ia 4500
008 170316s9999 xx 000 0 und d
040 |a cru BVZT 
090 |a 840 D-12.1h 
100 |a Ducharme, Réjean 
245 |a Ha ha ...! 
260 |a París, Francia 
260 |b Gallimard 
260 |c 1982 
300 |a 108 páginas 
650 |a LITERATURA FRANCESA 
999 |c 7631  |d 7631 
942 |c 15 D  |h 840 D-12.1h  |2 z